Comarques per frontera en mig minut - Statistics

General Stats
  • This quiz has been taken 237 times
  • The average score is 30 of 43
Answers on the Map
Answers color-coded by a green-red scale on the quiz's map according to % correct below.
 
Answer Stats
Comarca % Correct
Alt Urgell
86%
Berguedà
86%
Baix Llobregat
84%
Noguera
84%
Vallès Occidental
83%
Vallès Oriental
82%
Garrotxa
81%
Solsonès
79%
Anoia
78%
Bages
78%
Lluçanès
78%
Moianès
78%
Baix Camp
77%
Osona
77%
Pallars Sobirà
77%
Selva
77%
Garrigues
74%
Pallars Jussà
74%
Ripollès
74%
Barcelonès
73%
Gironès
73%
Alta Ribagorça
71%
Alt Camp
71%
Alt Empordà
70%
Maresme
69%
Ribera d'Ebre
69%
Baix Penedès
68%
Pla de l'Estany
68%
Baix Empordà
66%
Cerdanya
66%
Pla d'Urgell
66%
Segarra
66%
Segrià
65%
Aran
64%
Baix Ebre
64%
Conca de Barberà
64%
Tarragonès
62%
Urgell
62%
Alt Penedès
56%
Montsià
55%
Terra Alta
53%
Priorat
52%
Garraf
47%
No matching quizzes found
Score Distribution
Percent of People with Each Score
Percentile by Number Answered
Your Score History
You have not taken this quiz